[Event "XV  MIEDZYNARODOWY FESTIWAL  SZACHOWY "]
[Site "Rewal"]
[Date "2010.08.28"]
[Round "9.23"]
[White "Sachryn, Krystian"]
[Black "Rogala, Robert"]
[Result "1-0"]
[WhiteElo "1862"]
[BlackElo "2037"]
[PlyCount "81"]
[EventDate "2010.??.??"]

1. Nf3 Nf6 2. g3 g6 3. Bg2 Bg7 4. c4 O-O 5. O-O d6 6. d4 Nbd7 7. Nc3 e5 8. dxe5
dxe5 9. e4 c6 10. Qc2 Re8 11. b4 a5 12. b5 Bf8 13. bxc6 bxc6 14. Rb1 Nc5 15.
Rd1 Qc7 16. Bg5 Nfd7 17. Qd2 Kh8 18. Bh6 Bxh6 19. Qxh6 f6 20. h4 Nf8 21. h5 Bg4
22. Qe3 Nce6 23. hxg6 hxg6 24. c5 Kg7 25. Rd2 Red8 26. Rxd8 Rxd8 27. Nh2 f5 28.
Nxg4 fxg4 29. Bf1 Nd4 30. Be2 Nfe6 31. Bxg4 Nxc5 32. Kg2 Rh8 33. f4 Qe7 34. Rc1
Qd6 35. Ne2 Nce6 36. Bxe6 Nxe6 37. fxe5 Qxe5 38. Rxc6 Qh5 39. Qa7+ Kh6 40. Qe3+
Kg7 41. Qc3+ 1-0

[Event "XV  MIEDZYNARODOWY FESTIWAL  SZACHOWY "]
[Site "Rewal"]
[Date "2010.08.28"]
[Round "9.24"]
[White "Gabrys, Sebastian"]
[Black "Mrozewicz, Ryszard"]
[Result "1-0"]
[WhiteElo "1833"]
[BlackElo "1669"]
[PlyCount "77"]
[EventDate "2010.??.??"]

1. e4 d5 2. exd5 Nf6 3. Bb5+ Bd7 4. Bxd7+ Nbxd7 5. c4 g6 6. Nf3 Bg7 7. O-O O-O
8. Nc3 Re8 9. Re1 a6 10. b3 b5 11. Rb1 b4 12. Ne4 Nh5 13. d4 h6 14. Nc5 Nhf6
15. Nd3 a5 16. Nde5 Bf8 17. Nc6 Qc8 18. Re2 Nb6 19. Qe1 Qf5 20. Bb2 Nbd7 21.
Rd1 a4 22. Nxb4 axb3 23. axb3 Reb8 24. Re3 Rb7 25. Ne5 Rba7 26. Nec6 Rb7 27.
Nxe7+ Bxe7 28. Rxe7 Rab8 29. Bc3 Ng4 30. h3 Ngf6 31. Re3 Kg7 32. Rf3 Qh5 33. d6
Re8 34. Qd2 cxd6 35. d5 Ne5 36. Rxf6 Kxf6 37. f4 Kg7 38. fxe5 dxe5 39. Nc6 1-0